|
|
|
|
| LEADER |
00000nab a2200000 a 4500 |
| 001 |
vtls000716421 |
| 003 |
SK-MaSNL |
| 005 |
20260304125405.0 |
| 008 |
250429c2000 xo 0 slo |
| 015 |
|
|
|a SNBRB2000/03-07603
|
| 035 |
|
|
|a CLN000068588
|
| 035 |
|
|
|a urn:nbn:sk:snk-abji9
|
| 035 |
|
|
|a (urnnbn)urn:nbn:sk:snk:ar-003ee6
|
| 035 |
|
|
|a (uuid)56564ea4-19fe-4a98-a21c-6856812e8723
|
| 040 |
|
|
|a SNKBUCL
|b slo
|c SNKBUCL
|e AACR2
|
| 041 |
0 |
|
|a slo
|
| 044 |
|
|
|a xo
|c SK
|
| 080 |
|
|
|a 342.9:347.19
|2 1997
|
| 080 |
|
|
|a 343.232
|2 1997
|
| 100 |
1 |
|
|a Babiaková, Eva
|4 aut
|9 337856
|
| 245 |
1 |
0 |
|a Aktuálne otázky správneho trestania
|c Eva Babiaková
|
| 504 |
|
|
|a Bibliogr. odkazy
|
| 650 |
0 |
7 |
|a delikty správne
|x osoby právnické
|2 snkbucl
|9 1389479
|
| 650 |
0 |
7 |
|a správa verejná
|x predpisy právne
|x zodpovednosť právnických osob
|x porušovanie
|2 snkbucl
|9 1437988
|
| 655 |
|
7 |
|a články z novín a časopisov
|2 snkbucl
|9 267496
|
| 773 |
0 |
|
|t Justičná revue
|g Roč. 52, č. 1 (2000), s. 4-9
|
| 850 |
|
|
|a Slovenská národná knižnica
|
| 852 |
|
|
|a Slovenská národná knižnica
|
| 954 |
|
|
|a odborná, vedecká literatúra pôvodná (slovenská)
|2 lita
|
| 958 |
|
|
|a article27
|
| 958 |
|
|
|a OND
|
| 958 |
|
|
|a SK
|
| 958 |
|
|
|a EUIPO
|
| 992 |
|
|
|a RBX
|
| 999 |
|
|
|c 2894003
|d 2895933
|